000 02589nam0a2200493 4500
001 RU\NLR\BIBL_A\010407975
005 201502181617
010 _a978-5-93630-991-5
_91000
021 _aRU
_b2014-30175
_91853
035 _a(NLR Aleph) 010407975
035 _a(NILC)LIBNET\0000456348
035 _aRUCML-BIBL-0001368293
090 _a9738544
_c9738544
100 _a20140623d2014 km y0rusy50 ca
101 0 _arus
102 _aRU
105 _aa|||z|||001yy
200 1 _aПсориаз
_eмонография
_e[руководство по диагностике и терапии разных форм псориаза и псориатического артрита]
_fО.В. Терлецкий, К.И. Разнатовский, Г.И. Григорьев
210 _aСанкт-Петербург
_cДЕАН
_d2014
215 _a485, [1] с.
_cил., цв. ил.
_d21
300 _aНа 4-й с. обл. авт.:Терлецкий О.В., к.м.н., Разнатовский К.И., д.м.н., проф., Григорьев Г.И., засл. врач РФ. д.м.н., проф., врач-психотерапевт, врач психиатр-нарколог
320 _aБиблиогр.: с. 471-483 (194 назв.)
320 _aДр. работы 1-го авт. на 4-й с. обл.
320 _aПредм. указ.: с. 460-470
517 1 _aруководство по диагностике и терапии разных форм псориаза и псориатического артрита
606 1 _aПсориаз
_jРуководства, пособия и т.п
_2nlr_sh1
_2nlr_sh2
_3RU\NLR\AUTH\6610341
606 1 _aПСОРИАЗ
_8rus
_jруководства
_2rus_mesh
_3R11747
606 1 _aPSORIASIS
_8eng
_2rus_mesh
_3E11747
675 _a616.517(035)
_v3
_zrus
686 _a76.29.57
_2rugasnti
686 _a76.01.33
_2rugasnti
686 _aC17.800.859.675
_v2014
_2MESH
686 1 _aР601.174я7
700 1 _aТерлецкий
_bО. В.
_f1965-
_gОлег Васильевич
_3RU\NLR\AUTH\770134816
701 1 _aРазнатовский
_bК. И.
_gКонстантин Игоревич
_3RU\NLR\AUTH\7757745
701 1 _aГригорьев
_bГ. И.
_cврач-психотерапевт, священник
_f1956-
_gГригорий Игоревич
_3RU\NLR\AUTH\7724182
801 0 _aRU
_bЦНМБ
_c20140424
_gRCR
801 1 _aRU
_bЦНМБ
_c20140424
_2rusmarc
801 2 _aRU
_bЦНМБ
_c20140611
_2rusmarc
942 _cBOOK
980 _aNBR
980 _aNB